[Event "Titled Tuesday intern op 09th Jan Early"]
[Site "Chess.com INT"]
[Date "2024.01.09"]
[Round "3"]
[White "Gabrielian, Artur"]
[Black "Vachier Lagrave, Maxime"]
[Result "0-1"]
[WhiteElo "2442"]
[BlackElo "2734"]
[PlyCount "52"]
[EventDate "2024.01.09"]
[EventType "swiss (blitz)"]
[EventRounds "11"]
[EventCountry "USA"]
[SourceTitle "CB03_2024"]
[SourceDate "2024.01.17"]
[SourceVersion "1"]
[SourceVersionDate "2024.01.17"]
[SourceQuality "1"]

1. e4 c5 2. Nf3 Nc6 3. Bb5 g6 4. 0-0 Bg7 5. d3 d6 6. Bxc6+ bxc6 7. e5 Bg4 8. exd6 exd6 9. h3 Bxf3 10. Qxf3 Ne7 11. Nc3 h6 12. Bf4 0-0 13. Rfe1 Qd7 14. Ne4 Nf5 15. c3 Rae8 16. Re2 Re6 17. Rae1 Rfe8 18. g4 Nh4 19. Qg3 Qd8 20. Kf1 g5 21. Bxd6 f5 22. gxf5 Nxf5 23. Qg4 Nxd6 24. Nxd6 Rxe2 25. Rxe2 Rxe2 26. Nb7 Qe7 0-1

[Event "Titled Tuesday intern op 19th Dec Early"]
[Site "Chess.com INT"]
[Date "2023.12.19"]
[Round "11"]
[White "Demchenko, Anton"]
[Black "Gabrielian, Artur"]
[Result "0-1"]
[WhiteElo "2609"]
[BlackElo "2442"]
[PlyCount "60"]
[EventDate "2023.12.19"]
[EventType "swiss (blitz)"]
[EventRounds "11"]
[EventCountry "USA"]
[SourceTitle "CB52_2023"]
[SourceDate "2023.12.27"]
[SourceVersion "1"]
[SourceVersionDate "2023.12.27"]
[SourceQuality "1"]

1. e4 c5 2. a4 d6 3. Bb5+ Bd7 4. Nc3 Nf6 5. d3 g6 6. f4 Bg7 7. Nf3 Nc6 8. 0-0 a6 9. Bxc6 Bxc6 10. Qe1 b5 11. axb5 axb5 12. Rxa8 Qxa8 13. e5 dxe5 14. fxe5 Ng4 15. e6 f5 16. h4 0-0 17. Bf4 b4 18. Nd1 b3 19. cxb3 Rd8 20. Ne3 Rxd3 21. Nxg4 fxg4 22. Ne5 Rxb3 23. Qd2 Bd5 24. Bh6 Bxh6 25. Qxh6 Rxb2 26. Rd1 Rxg2+ 27. Kf1 Rh2 28. Qg5 Bc4+ 29. Nxc4 Qg2+ 30. Ke1 Qg1# 0-1

[Event "Titled Tuesday intern op 19th Dec Early"]
[Site "Chess.com INT"]
[Date "2023.12.19"]
[Round "4"]
[White "Rodriguez Fontecha, Marcos"]
[Black "Gabrielian, Artur"]
[Result "0-1"]
[WhiteElo "2289"]
[BlackElo "2442"]
[PlyCount "50"]
[EventDate "2023.12.19"]
[EventType "swiss (blitz)"]
[EventRounds "11"]
[EventCountry "USA"]
[SourceTitle "CB52_2023"]
[SourceDate "2023.12.27"]
[SourceVersion "1"]
[SourceVersionDate "2023.12.27"]
[SourceQuality "1"]

1. d4 Nf6 2. Nf3 g6 3. Bg5 Bg7 4. c3 0-0 5. Nbd2 d6 6. e4 c5 7. dxc5 dxc5 8. Bc4 Nc6 9. 0-0 h6 10. Bh4 Nh5 11. Qe2 Qc7 12. Qe3 b6 13. Rfe1 Bb7 14. Rad1 g5 15. Bxg5 hxg5 16. Qxg5 Nf4 17. e5 Ne6 18. Qh5 Rad8 19. Re4 Nxe5 20. Nxe5 Bxe4 21. Nxf7 Rxf7 22. Bxe6 Qf4 23. f3 Bc2 24. Re1 Rxd2 25. g3 Qf6 0-1